000 00277nam a22001337a 4500
008 180224b xxu||||| |||| 00| 0 eng d
020 _a9780872206335
041 _aeng
080 _a821
100 _a21
101 _aGJL
245 _aPLATO
_cGrube, G.M.A
942 _2udc
_cBK
999 _c43363
_d43363